[Event "TUR-chT"]
[Site "Kocaeli"]
[Date "2017.08.04"]
[Round "10.2"]
[White "Samani, Yamac"]
[Black "Gundogan, Cem"]
[Result "1-0"]
[WhiteElo "2263"]
[BlackElo "2062"]
[PlyCount "107"]
[EventDate "2017.07.26"]
[EventType "team-tourn"]
[EventRounds "13"]
[EventCountry "TUR"]
[SourceTitle "CBM 179 Extra"]
[Source "ChessBase"]
[SourceDate "2017.08.23"]
[SourceVersion "1"]
[SourceVersionDate "2017.08.23"]
[SourceQuality "1"]
[WhiteTeam "Izmir Tas Duvar"]
[BlackTeam "Varyant Yontem"]
[WhiteTeamCountry "TUR"]
[BlackTeamCountry "TUR"]

1. e4 e6 2. d4 d5 3. Nd2 g6 4. Ngf3 Bg7 5. Bd3 Ne7 6. 0-0 0-0 7. c3 b6 8. Re1 c5 9. e5 Nbc6 10. Nf1 cxd4 11. cxd4 f6 12. Bf4 fxe5 13. Bxe5 Nxe5 14. Nxe5 Nf5 15. Bxf5 Rxf5 16. Ne3 Rf8 17. Nf3 Qd6 18. Ng4 a5 19. Nge5 Ba6 20. Rc1 Rac8 21. Qd2 Bb5 22. a3 Rfe8 23. Rxc8 Rxc8 24. Rc1 Qf8 25. h4 Ba6 26. Rxc8 Qxc8 27. Qd1 Bf6 28. Qd2 Bg7 29. Qd1 Bf6 30. Qd2 Kg7 31. Ng4 Bd8 32. Nfe5 Qc7 33. g3 Bb5 34. Qe3 Be8 35. Nf3 Qd6 36. Qh6+ Kg8 37. Nge5 Qf8 38. Qe3 Kg7 39. Nd3 Qf6 40. Nf4 Bf7 41. Ng5 Be7 42. Ngxe6+ Kh8 43. Nxd5 Qxe6 44. Qxe6 Bxe6 45. Nxe7 Kg7 46. Nc6 Kf6 47. f3 g5 48. hxg5+ Kxg5 49. Kf2 Bd5 50. Ne5 b5 51. Ke3 h5 52. Nd3 Bc4 53. Ke4 h4 54. f4+ 1-0

[Event "TUR-chT"]
[Site "Kocaeli"]
[Date "2017.07.31"]
[Round "7.4"]
[White "Gundogan, Cem"]
[Black "Kamer, Kayra"]
[Result "1-0"]
[WhiteElo "2062"]
[BlackElo "2062"]
[PlyCount "89"]
[EventDate "2017.07.26"]
[EventType "team-tourn"]
[EventRounds "13"]
[EventCountry "TUR"]
[SourceTitle "CBM 179 Extra"]
[Source "ChessBase"]
[SourceDate "2017.08.23"]
[SourceVersion "1"]
[SourceVersionDate "2017.08.23"]
[SourceQuality "1"]
[WhiteTeam "Varyant Yontem"]
[BlackTeam "Mersin Zeka"]
[WhiteTeamCountry "TUR"]
[BlackTeamCountry "TUR"]

1. d4 Nf6 2. Nf3 g6 3. b4 Bg7 4. Bb2 d5 5. e3 a5 6. b5 Bf5 7. c4 c6 8. Nc3 0-0 9. cxd5 cxb5 10. Bxb5 Nxd5 11. 0-0 Na6 12. Qe2 Rc8 13. Rac1 Nab4 14. Rfd1 Nxc3 15. Bxc3 Nd5 16. Be1 b6 17. e4 Nf4 18. Qe3 Bh6 19. Kf1 Bd7 20. Be2 Rxc1 21. Qxc1 Qa8 22. Qe3 Rc8 23. Ne5 Ba4 24. Ng4 Bg5 25. h4 Nxe2 26. Qxg5 Qa6 27. Qxe7 Qc4 28. d5 Ng3+ 29. Kg1 Qc7 30. d6 Qxe7 31. dxe7 Bxd1 32. Nf6+ Kh8 33. fxg3 Ba4 34. Bf2 Rc4 35. Bxb6 Kg7 36. e8Q Bxe8 37. Nxe8+ Kf8 38. Nf6 Ra4 39. Bc5+ Kg7 40. Ne8+ Kg8 41. a3 Rc4 42. Bd6 f5 43. e5 Kf7 44. Nc7 f4 45. gxf4 1-0

[Event "TUR-chT"]
[Site "Kocaeli"]
[Date "2017.07.30"]
[Round "5.3"]
[White "Gundogan, Cem"]
[Black "Uzumcu, Ahmet Utku"]
[Result "0-1"]
[WhiteElo "2062"]
[BlackElo "2223"]
[PlyCount "50"]
[EventDate "2017.07.26"]
[EventType "team-tourn"]
[EventRounds "13"]
[EventCountry "TUR"]
[SourceTitle "CBM 179 Extra"]
[Source "ChessBase"]
[SourceDate "2017.08.23"]
[SourceVersion "1"]
[SourceVersionDate "2017.08.23"]
[SourceQuality "1"]
[WhiteTeam "Varyant Yontem"]
[BlackTeam "Panelsan Genc"]
[WhiteTeamCountry "TUR"]
[BlackTeamCountry "TUR"]

1. c4 Nf6 2. Nc3 g6 3. e4 d6 4. d4 Bg7 5. Be2 0-0 6. g4 c5 7. d5 e6 8. g5 Ne8 9. h4 exd5 10. cxd5 Qe7 11. Qd3 Nc7 12. f4 b5 13. f5 gxf5 14. exf5 Bxc3+ 15. bxc3 Qe5 16. Nf3 Qxf5 17. Qxf5 Bxf5 18. Bf4 Nxd5 19. Bxd6 Re8 20. Kd2 Nxc3 21. Kxc3 Rxe2 22. Rhe1 Rc2+ 23. Kb3 Nc6 24. Bc7 c4+ 25. Ka3 Rc3+ 0-1

[Event "Novi Sad Serbian op"]
[Site "Novi Sad"]
[Date "2016.11.10"]
[Round "6"]
[White "Gundogan, Cem"]
[Black "Cvetkovic, Srdjan"]
[Result "1/2-1/2"]
[WhiteElo "2016"]
[BlackElo "2313"]
[PlyCount "55"]
[EventDate "2016.11.06"]
[EventType "swiss"]
[EventRounds "9"]
[EventCountry "SRB"]
[SourceTitle "CBM 175 Extra"]
[Source "ChessBase"]
[SourceDate "2016.12.12"]
[SourceVersion "1"]
[SourceVersionDate "2016.12.12"]
[SourceQuality "1"]

1. e4 c5 2. Bc4 e6 3. Qe2 Nc6 4. c3 Be7 5. Bb3 d5 6. d3 Nf6 7. e5 Nd7 8. Nf3 b5 9. Bc2 d4 10. h4 Bb7 11. Bf4 Nb6 12. c4 bxc4 13. dxc4 Nb4 14. Bd3 Na4 15. Bc1 Rb8 16. b3 Nc3 17. Nxc3 dxc3 18. Be4 f5 19. Bxb7 Rxb7 20. 0-0 Rd7 21. Ng5 Bxg5 22. Bxg5 Qc7 23. Qh5+ Rf7 24. Qf3 0-0 25. Qxc3 f4 26. g3 Nc6 27. Bxf4 Nd4 28. Rae1 1/2-1/2

[Event "Novi Sad Serbian op"]
[Site "Novi Sad"]
[Date "2016.11.07"]
[Round "2"]
[White "Gundogan, Cem"]
[Black "Dimic, Pavle"]
[Result "1-0"]
[WhiteElo "2016"]
[BlackElo "2348"]
[PlyCount "57"]
[EventDate "2016.11.06"]
[EventType "swiss"]
[EventRounds "9"]
[EventCountry "SRB"]
[SourceTitle "CBM 175 Extra"]
[Source "ChessBase"]
[SourceDate "2016.12.12"]
[SourceVersion "1"]
[SourceVersionDate "2016.12.12"]
[SourceQuality "1"]

1. e4 c5 2. Nf3 Nc6 3. Bc4 e6 4. Qe2 a6 5. c3 Qc7 6. Bb3 b5 7. 0-0 Na5 8. Bc2 Bb7 9. d3 Rc8 10. Nbd2 d6 11. Ng5 h6 12. Nh3 Nf6 13. f4 Be7 14. g4 Nd7 15. Nf3 d5 16. e5 d4 17. Bd2 dxc3 18. bxc3 h5 19. gxh5 Rxh5 20. Nfg5 Qc6 21. Qe4 Qxe4 22. dxe4 f6 23. exf6 gxf6 24. e5 f5 25. Nxe6 Rxh3 26. Bxf5 Rh6 27. Kf2 Rxh2+ 28. Kg3 Rxd2 29. Bg6# 1-0

[Event "Novi Sad Serbian op"]
[Site "Novi Sad"]
[Date "2016.11.07"]
[Round "3"]
[White "Plenca, Jadranko"]
[Black "Gundogan, Cem"]
[Result "1-0"]
[WhiteElo "2417"]
[BlackElo "2016"]
[PlyCount "61"]
[EventDate "2016.11.06"]
[EventType "swiss"]
[EventRounds "9"]
[EventCountry "SRB"]
[SourceTitle "CBM 175 Extra"]
[Source "ChessBase"]
[SourceDate "2016.12.12"]
[SourceVersion "1"]
[SourceVersionDate "2016.12.12"]
[SourceQuality "1"]

1. e4 e5 2. Nf3 Nc6 3. Bb5 a6 4. Ba4 Nf6 5. 0-0 b5 6. Bb3 Be7 7. Re1 0-0 8. a4 b4 9. d4 d6 10. dxe5 Nxe5 11. Nxe5 dxe5 12. Qe2 Bc5 13. Be3 Qe7 14. Nd2 Bxe3 15. Qxe3 Bb7 16. Bc4 a5 17. Bb5 Rfb8 18. Rad1 Ba6 19. Bc6 Bb7 20. Bxb7 Rxb7 21. Nc4 Rba7 22. Re2 Ra6 23. Red2 Kf8 24. h3 Rc6 25. b3 Qc5 26. Rd8+ Rxd8 27. Rxd8+ Ke7 28. Qd3 Nxe4 29. Rd7+ Ke6 30. Qxe4 Kxd7 31. Nxe5+ 1-0

[Event "Primorsko op"]
[Site "Primorsko"]
[Date "2016.09.23"]
[Round "7"]
[White "Todorov, Ognjan"]
[Black "Gundogan, Cem"]
[Result "1-0"]
[WhiteElo "2234"]
[BlackElo "2047"]
[PlyCount "93"]
[EventDate "2016.09.18"]
[EventType "swiss"]
[EventRounds "9"]
[EventCountry "BUL"]
[SourceTitle "CBM 174 Extra"]
[Source "ChessBase"]
[SourceDate "2016.10.10"]
[SourceVersion "1"]
[SourceVersionDate "2016.10.10"]
[SourceQuality "1"]

1. Nf3 e6 2. c4 f5 3. g3 Nf6 4. Bg2 Be7 5. 0-0 0-0 6. d4 Ne4 7. Nc3 Bf6 8. Nxe4 fxe4 9. Ne5 d5 10. f3 exf3 11. exf3 Bxe5 12. dxe5 d4 13. f4 c5 14. Be4 g6 15. h4 Nc6 16. h5 Ne7 17. Kg2 Rb8 18. Qd3 Kg7 19. Bd2 Bd7 20. b4 b6 21. b5 Bc8 22. hxg6 hxg6 23. g4 Qc7 24. Be1 Rh8 25. Bg3 Bb7 26. Rh1 Bxe4+ 27. Qxe4 Rxh1 28. Rxh1 Qb7 29. Kf3 a5 30. Bh4 Ng8 31. Rh3 Qxe4+ 32. Kxe4 Rf8 33. Bg5 Rf7 34. Bd8 Rb7 35. f5 gxf5+ 36. gxf5 exf5+ 37. Kxf5 Rd7 38. Rg3+ Kf8 39. Bxb6 d3 40. Bxc5+ Ne7+ 41. Kf6 d2 42. Bxe7+ Rxe7 43. Rd3 Rf7+ 44. Ke6 Rc7 45. Rd8+ Kg7 46. Rxd2 Rxc4 47. Rg2+ 1-0

[Event "TUR-chT"]
[Site "Kocaeli"]
[Date "2015.08.14"]
[Round "12.7"]
[White "Gundogan, Cem"]
[Black "Koksal, Ege"]
[Result "0-1"]
[WhiteElo "2060"]
[BlackElo "2347"]
[PlyCount "98"]
[EventDate "2015.08.04"]
[EventType "team-tourn"]
[EventRounds "13"]
[EventCountry "TUR"]
[SourceTitle "CBM 167 Extra"]
[Source "ChessBase"]
[SourceDate "2015.09.14"]
[SourceVersion "1"]
[SourceVersionDate "2015.09.14"]
[SourceQuality "1"]
[WhiteTeam "Kocaeli Buyuksehir"]
[BlackTeam "Alyans Satranc"]
[WhiteTeamCountry "TUR"]
[BlackTeamCountry "TUR"]

1. e4 e5 2. Nf3 Nc6 3. Bc4 Bc5 4. Qe2 d6 5. c3 Nf6 6. Bb3 0-0 7. d3 Be6 8. Bc2 a6 9. h3 d5 10. Nbd2 h6 11. Nxe5 Nxe5 12. d4 Bxd4 13. cxd4 Nc6 14. Qe3 dxe4 15. 0-0 Nxd4 16. Bb1 Nf5 17. Qf4 Nd6 18. f3 Nd5 19. Qe5 e3 20. Ne4 Nc4 21. Qg3 Nf6 22. Nc3 Nh5 23. Qe1 Nf4 24. b3 Qg5 25. g4 Nxh3+ 26. Kh2 Nf2 27. Rxf2 exf2 28. Qe4 Qh4+ 29. Kg2 g6 30. Bd3 Nd6 31. Qf4 f5 32. Qxh6 Qxh6 33. Bxh6 fxg4 34. Bxf8 Rxf8 35. Kxf2 Rxf3+ 36. Ke2 Bf5 37. Rd1 Kf7 38. Nd5 Bxd3+ 39. Rxd3 Rxd3 40. Kxd3 c6 41. Nf4 Kf6 42. Kd4 g3 43. a4 Kf5 44. Ng2 Kg4 45. Ke5 Nf5 46. Ke4 Kh3 47. Nf4+ Kh2 48. Nxg6 g2 49. Ne5 Nh4 0-1

[Event "TUR-chT"]
[Site "Kocaeli"]
[Date "2015.08.12"]
[Round "10.3"]
[White "Kerigan, Demre"]
[Black "Gundogan, Cem"]
[Result "1-0"]
[WhiteElo "2406"]
[BlackElo "2060"]
[PlyCount "115"]
[EventDate "2015.08.04"]
[EventType "team-tourn"]
[EventRounds "13"]
[EventCountry "TUR"]
[SourceTitle "CBM 167 Extra"]
[Source "ChessBase"]
[SourceDate "2015.09.14"]
[SourceVersion "1"]
[SourceVersionDate "2015.09.14"]
[SourceQuality "1"]
[WhiteTeam "Turk Hava Yollari"]
[BlackTeam "Kocaeli Buyuksehir"]
[WhiteTeamCountry "TUR"]
[BlackTeamCountry "TUR"]

1. e4 c5 2. Nf3 a6 3. c4 Nc6 4. d4 cxd4 5. Nxd4 Nf6 6. Nc3 d6 7. Be2 e6 8. Be3 Be7 9. 0-0 0-0 10. Qd2 Qc7 11. Rac1 Bd7 12. f3 Nxd4 13. Bxd4 Rac8 14. Rfd1 Qb8 15. a4 b6 16. b4 Bc6 17. Rb1 Nd7 18. Bf1 Rfd8 19. Qf2 Bf6 20. Bxf6 Nxf6 21. c5 Bb7 22. Qe3 Qc7 23. c6 Qxc6 24. Rbc1 d5 25. e5 d4 26. Rxd4 Nd5 27. Nxd5 Qxc1 28. Nf6+ gxf6 29. Rxd8+ Kg7 30. exf6+ Kxf6 31. Qd4+ Ke7 32. Qh4+ f6 33. Rxc8 Bxc8 34. Qxh7+ Kd6 35. Qd3+ Ke7 36. Qd4 Qc6 37. a5 b5 38. h4 e5 39. Qa7+ Bd7 40. Qe3 Qd6 41. Qc3 f5 42. h5 Kf6 43. f4 Qd4+ 44. Qxd4 exd4 45. Be2 Bc6 46. Kf2 Kg7 47. Bf3 Be4 48. g4 Bxf3 49. Kxf3 fxg4+ 50. Kxg4 Kh6 51. Kf3 Kxh5 52. Ke4 Kg4 53. Kxd4 Kxf4 54. Kc5 Ke5 55. Kb6 Kd5 56. Kxa6 Kc6 57. Ka7 Kc7 58. a6 1-0

[Event "TUR-chT"]
[Site "Kocaeli"]
[Date "2015.08.11"]
[Round "8.6"]
[White "Gundogan, Cem"]
[Black "Oz, Ozan"]
[Result "1-0"]
[WhiteElo "2060"]
[BlackElo "1807"]
[PlyCount "43"]
[EventDate "2015.08.04"]
[EventType "team-tourn"]
[EventRounds "13"]
[EventCountry "TUR"]
[SourceTitle "CBM 167 Extra"]
[Source "ChessBase"]
[SourceDate "2015.09.14"]
[SourceVersion "1"]
[SourceVersionDate "2015.09.14"]
[SourceQuality "1"]
[WhiteTeam "Kocaeli Buyuksehir"]
[BlackTeam "Pamukkale Yonetimi"]
[WhiteTeamCountry "TUR"]
[BlackTeamCountry "TUR"]

1. e4 e6 2. d4 d5 3. exd5 exd5 4. Qf3 c5 5. Bb5+ Nc6 6. Qe2+ Be6 7. Nf3 a6 8. Bxc6+ bxc6 9. 0-0 h6 10. dxc5 Bxc5 11. Nbd2 Nf6 12. Nb3 Qb6 13. Qe5 Ng4 14. Qg3 Be7 15. Nbd4 Bd7 16. h3 Nf6 17. Re1 c5 18. Qe5 0-0 19. Nf5 Bd8 20. Nxh6+ gxh6 21. Bxh6 Nh7 22. Qg7# 1-0

[Event "TUR-chT"]
[Site "Kocaeli"]
[Date "2015.08.04"]
[Round "1.7"]
[White "Buyukasik, Diyap"]
[Black "Gundogan, Cem"]
[Result "1-0"]
[WhiteElo "2074"]
[BlackElo "2060"]
[PlyCount "85"]
[EventDate "2015.08.04"]
[EventType "team-tourn"]
[EventRounds "13"]
[EventCountry "TUR"]
[SourceTitle "CBM 167 Extra"]
[Source "ChessBase"]
[SourceDate "2015.09.14"]
[SourceVersion "1"]
[SourceVersionDate "2015.09.14"]
[SourceQuality "1"]
[WhiteTeam "Hatay Buyuksehir"]
[BlackTeam "Kocaeli Buyuksehir"]
[WhiteTeamCountry "TUR"]
[BlackTeamCountry "TUR"]

1. d4 c5 2. e3 Nf6 3. Nf3 d5 4. c4 cxd4 5. exd4 e6 6. Nc3 Be7 7. Be2 0-0 8. 0-0 dxc4 9. Bxc4 a6 10. a4 Nc6 11. h3 Qb6 12. Rb1 Rd8 13. Be3 Nd5 14. Qe2 Qb4 15. Bd2 Qb6 16. Be3 Qb4 17. Bd2 Nb6 18. b3 Nxc4 19. bxc4 Qd6 20. d5 exd5 21. cxd5 Na7 22. Rfd1 b5 23. Ne4 Qb6 24. d6 Bf8 25. Bg5 Rd7 26. Ne5 Nc6 27. Nxd7 Bxd7 28. Be3 Qd8 29. axb5 axb5 30. Qxb5 Nd4 31. Qh5 Nf5 32. Ng5 Nh6 33. Qf3 Bf5 34. Nxf7 Kxf7 35. Bxh6 Kg6 36. Rb5 Qd7 37. Rxf5 Qxf5 38. Qxa8 Kxh6 39. Qf3 Qc8 40. d7 Qd8 41. Qxf8 Qxf8 42. d8Q Qxd8 43. Rxd8 1-0

[Event "TUR-chT2"]
[Site "Konya"]
[Date "2014.06.24"]
[Round "3.2"]
[White "Eldemir, Goksu"]
[Black "Gundogan, Cem"]
[Result "1/2-1/2"]
[WhiteElo "1701"]
[BlackElo "2054"]
[PlyCount "36"]
[EventDate "2014.06.23"]
[EventType "team-swiss"]
[EventRounds "9"]
[EventCountry "TUR"]
[SourceTitle "CBM 161 Extra"]
[Source "ChessBase"]
[SourceDate "2014.08.29"]
[SourceVersion "1"]
[SourceVersionDate "2014.08.29"]
[SourceQuality "1"]
[WhiteTeam "Alapli"]
[BlackTeam "Kocaeli"]
[WhiteTeamCountry "TUR"]
[BlackTeamCountry "TUR"]

1. e4 e6 2. d4 d5 3. Nc3 Bb4 4. e5 c5 5. Bd2 Ne7 6. Nb5 Bxd2+ 7. Qxd2 0-0 8. c3 Nbc6 9. f4 cxd4 10. cxd4 Qb6 11. Nf3 Bd7 12. Nc3 Nf5 13. Rd1 Na5 14. b3 Rac8 15. Bd3 Qb4 16. Rc1 g6 17. Bxf5 gxf5 18. 0-0 Kh8 1/2-1/2

[Event "TUR-chT2"]
[Site "Konya"]
[Date "2014.06.24"]
[Round "2.2"]
[White "Gundogan, Cem"]
[Black "Ererdem, Gani Eren"]
[Result "1-0"]
[WhiteElo "2054"]
[BlackElo "1905"]
[PlyCount "91"]
[EventDate "2014.06.23"]
[EventType "team-swiss"]
[EventRounds "9"]
[EventCountry "TUR"]
[SourceTitle "CBM 161 Extra"]
[Source "ChessBase"]
[SourceDate "2014.08.29"]
[SourceVersion "1"]
[SourceVersionDate "2014.08.29"]
[SourceQuality "1"]
[WhiteTeam "Kocaeli"]
[BlackTeam "Karaman Belediye"]
[WhiteTeamCountry "TUR"]
[BlackTeamCountry "TUR"]

1. Nf3 Nf6 2. c4 e6 3. g3 d5 4. Bg2 Be7 5. 0-0 0-0 6. b3 c5 7. Bb2 Nc6 8. e3 d4 9. exd4 cxd4 10. d3 Bc5 11. Re1 Qd6 12. a3 a5 13. h3 e5 14. Nbd2 h6 15. g4 g6 16. Nf1 Bxg4 17. hxg4 Nxg4 18. N3h2 Nxh2 19. Nxh2 f5 20. Bc1 Kg7 21. Qf3 e4 22. Qf4 Qxf4 23. Bxf4 g5 24. Bc1 Ne5 25. Bf1 Nf3+ 26. Nxf3 exf3 27. Re5 b6 28. Bb2 Kf6 29. Rae1 Rad8 30. Bc1 Kg6 31. Re6+ Rf6 32. Bb2 g4 33. R6e5 h5 34. Rd5 Rfd6 35. Ree5 Rxd5 36. Rxd5 Rxd5 37. cxd5 Kf6 38. b4 axb4 39. axb4 Ke5 40. bxc5 bxc5 41. Kh2 h4 42. Bc1 Kxd5 43. Bg5 Ke5 44. Bxh4 f4 45. Be7 Kd5 46. Bf8 1-0

[Event "Wch U20 52nd"]
[Site "Kocaeli"]
[Date "2013.09.22"]
[Round "9"]
[White "Gaehwiler, Gabriel"]
[Black "Gundogan, Cem"]
[Result "1-0"]
[WhiteElo "2287"]
[BlackElo "2072"]
[PlyCount "61"]
[EventDate "2013.09.13"]
[EventType "swiss"]
[EventRounds "13"]
[EventCountry "TUR"]
[SourceTitle "CBM 156 Extra"]
[Source "ChessBase"]
[SourceDate "2013.10.22"]
[SourceVersion "1"]
[SourceVersionDate "2013.10.22"]
[SourceQuality "1"]

1. e4 e6 2. Nf3 d5 3. e5 c5 4. b4 cxb4 5. a3 Nh6 6. axb4 Bxb4 7. c3 Be7 8. d4 Nf5 9. Bd3 Nc6 10. h4 h5 11. Bxf5 exf5 12. Bg5 f6 13. exf6 gxf6 14. Bf4 Kf7 15. Ng1 Qb6 16. Ne2 Nd8 17. 0-0 Ne6 18. c4 dxc4 19. Nbc3 Nxf4 20. Nxf4 Bd6 21. Qf3 Qxd4 22. Nb5 Qxf4 23. Qd5+ Kg6 24. Nxd6 Qe5 25. Qf7+ Kh6 26. Rfe1 Qxd6 27. Re7 Qxe7 28. Qxe7 Kg6 29. f4 Rh7 30. Qe8+ Kh6 31. Ra3 1-0

[Event "Wch U20 52nd"]
[Site "Kocaeli"]
[Date "2013.09.21"]
[Round "8"]
[White "Gundogan, Cem"]
[Black "Pon, Matt"]
[Result "1-0"]
[WhiteElo "2072"]
[BlackElo "1919"]
[PlyCount "139"]
[EventDate "2013.09.13"]
[EventType "swiss"]
[EventRounds "13"]
[EventCountry "TUR"]
[SourceTitle "CBM 156 Extra"]
[Source "ChessBase"]
[SourceDate "2013.10.22"]
[SourceVersion "1"]
[SourceVersionDate "2013.10.22"]
[SourceQuality "1"]

1. e4 e5 2. Nf3 Nc6 3. Bc4 Bc5 4. c3 Nf6 5. d3 d6 6. Bb3 a6 7. h3 h6 8. Nbd2 Ba7 9. Nf1 Qe7 10. Ng3 Be6 11. 0-0 0-0-0 12. Be3 Bxe3 13. fxe3 d5 14. exd5 Nxd5 15. Qe2 Nb6 16. e4 g6 17. Rad1 Bxb3 18. axb3 Rd7 19. Qe3 h5 20. Qg5 h4 21. Ne2 Rh5 22. Qxe7 Rxe7 23. g3 hxg3 24. Kg2 Nd7 25. Nxg3 Rh8 26. h4 f6 27. d4 Na5 28. dxe5 fxe5 29. Kh3 Nxb3 30. Ng5 Na5 31. Rf2 Nc4 32. Rdf1 Nd6 33. Kg4 Nc4 34. Kh3 Nd6 35. Kg4 Nc4 36. Re2 Nd6 37. Rf3 Kd8 38. Ref2 Ke8 39. Nf1 Nc5 40. Nd2 a5 41. Rf6 Nd3 42. R2f3 Nxb2 43. Rxg6 a4 44. h5 Ndc4 45. Nxc4 Nxc4 46. h6 a3 47. Rf2 Nb2 48. Rf1 Nc4 49. Kh5 c6 50. Re6 Rxe6 51. Nxe6 Ne3 52. Ra1 Ng4 53. Kxg4 Rxh6 54. Ng5 Ke7 55. Rxa3 Rf6 56. Ra7 Rf4+ 57. Kh5 Kd6 58. Rxb7 Rf1 59. Kg6 Rg1 60. Rb8 Rg3 61. Re8 Rxc3 62. Re6+ Kd7 63. Rxe5 c5 64. Rd5+ Ke7 65. Kf5 c4 66. Rc5 Rc1 67. Ke5 c3 68. Rc7+ Ke8 69. Ke6 Kd8 70. Rc4 1-0

[Event "Wch U20 52nd"]
[Site "Kocaeli"]
[Date "2013.09.18"]
[Round "6"]
[White "Gundogan, Cem"]
[Black "Kathmale, Sameer"]
[Result "0-1"]
[WhiteElo "2072"]
[BlackElo "2339"]
[PlyCount "54"]
[EventDate "2013.09.13"]
[EventType "swiss"]
[EventRounds "13"]
[EventCountry "TUR"]
[SourceTitle "CBM 156 Extra"]
[Source "ChessBase"]
[SourceDate "2013.10.22"]
[SourceVersion "1"]
[SourceVersionDate "2013.10.22"]
[SourceQuality "1"]

1. e4 c6 2. d4 d5 3. Nc3 dxe4 4. Nxe4 Bf5 5. Ng3 Bg6 6. h4 h6 7. N1e2 Nf6 8. Nf4 Bh7 9. c3 e6 10. Bc4 Bd6 11. Ngh5 0-0 12. Be3 Nbd7 13. Nxf6+ Nxf6 14. Qe2 a5 15. a4 Nd5 16. Nd3 Rb8 17. Ne5 Bxe5 18. dxe5 b5 19. axb5 cxb5 20. Bxd5 Qxd5 21. Qg4 Qxe5 22. Rxa5 Bd3 23. Qd4 Qf5 24. f3 e5 25. Qg4 Qh7 26. h5 Bc4 27. Ra6 Qd3 0-1

[Event "Wch U20 52nd"]
[Site "Kocaeli"]
[Date "2013.09.15"]
[Round "3"]
[White "Gundogan, Cem"]
[Black "Ertekin, Oguzhan"]
[Result "1-0"]
[WhiteElo "2072"]
[BlackElo "1583"]
[PlyCount "75"]
[EventDate "2013.09.13"]
[EventType "swiss"]
[EventRounds "13"]
[EventCountry "TUR"]
[SourceTitle "CBM 156 Extra"]
[Source "ChessBase"]
[SourceDate "2013.10.22"]
[SourceVersion "1"]
[SourceVersionDate "2013.10.22"]
[SourceQuality "1"]

1. e4 e6 2. d3 c5 3. Nf3 Nc6 4. g3 d5 5. Nbd2 Nf6 6. Bg2 dxe4 7. dxe4 e5 8. 0-0 Qc7 9. c3 h6 10. Qc2 Be6 11. Re1 Bd6 12. Nf1 0-0 13. Ne3 b5 14. Nh4 g6 15. Nd5 Bxd5 16. exd5 Ne7 17. Bxh6 Rfd8 18. Rad1 Rab8 19. Qe2 Nh7 20. Nf3 Nf5 21. Bc1 Re8 22. g4 Ng7 23. h4 f5 24. Ng5 Nf6 25. gxf5 gxf5 26. Bh3 e4 27. Kh1 Bf4 28. Bxf4 Qxf4 29. Qe3 Qxh4 30. Qg3 Qxg3 31. fxg3 Re5 32. d6 Rd8 33. Bf1 Ngh5 34. Bxb5 Ng4 35. Kg2 f4 36. gxf4 Nxf4+ 37. Kg3 Nd3 38. Kxg4 1-0

[Event "World School-ch U17 9th"]
[Site "Porto Carras"]
[Date "2013.05.12"]
[Round "7"]
[White "Terzi, Alexei"]
[Black "Gundogan, Cem"]
[Result "1/2-1/2"]
[WhiteElo "2166"]
[BlackElo "2056"]
[PlyCount "119"]
[EventDate "2013.05.07"]
[EventType "swiss"]
[EventRounds "9"]
[EventCountry "GRE"]
[SourceTitle "CBM 154 Extra"]
[Source "ChessBase"]
[SourceDate "2013.06.25"]
[SourceVersion "2"]
[SourceVersionDate "2013.06.25"]
[SourceQuality "1"]

1. e4 e5 2. Nf3 Nc6 3. Bb5 a6 4. Ba4 Nf6 5. 0-0 Be7 6. Re1 b5 7. Bb3 d6 8. c3 0-0 9. h3 Na5 10. Bc2 c5 11. d4 Qc7 12. d5 Bd7 13. Nbd2 g6 14. Nf1 Ne8 15. Bh6 Ng7 16. g4 c4 17. Ng3 Rab8 18. Qd2 Nb7 19. Kh2 f6 20. Bxg7 Kxg7 21. Rg1 Kh8 22. Nh4 Rg8 23. Qe2 Qc5 24. Ng2 Nd8 25. Ne3 Nf7 26. h4 Bd8 27. a4 b4 28. h5 bxc3 29. bxc3 Ba5 30. Qd2 Rb2 31. hxg6 hxg6 32. Rgb1 Rgb8 33. Rxb2 Rxb2 34. Kg2 Ng5 35. f3 Kg7 36. Ngf1 Qc8 37. Ng3 Qc5 38. Ne2 Bb6 39. Nd1 Bxg4 40. fxg4 Qc8 41. Nd4 exd4 42. Nxb2 Qxg4+ 43. Kf1 dxc3 44. Qxc3 Qg1+ 45. Ke2 Qxa1 46. Nd1 Qc1 47. Qb2 Qxb2 48. Nxb2 c3 49. Nc4 Bc5 50. Na5 Nf7 51. Kd3 Bb4 52. Nc6 Ne5+ 53. Kd4 Bc5+ 54. Kxc3 Kf7 55. a5 Nxc6 56. dxc6 Ke7 57. Bd3 Kd8 58. Bxa6 Kc7 59. Bb5 g5 60. Kc4 1/2-1/2

[Event "World ol U16 11th"]
[Site "Istanbul"]
[Date "2012.09.03"]
[Round "8.17"]
[White "Iskandar, Bin Abdullah"]
[Black "Gundogan, Cem"]
[Result "0-1"]
[WhiteElo "1985"]
[BlackElo "2012"]
[PlyCount "86"]
[EventDate "2012.08.29"]
[EventType "team-swiss"]
[EventRounds "10"]
[EventCountry "TUR"]
[SourceTitle "CBM 150 Extra"]
[Source "ChessBase"]
[SourceDate "2012.10.19"]
[SourceVersion "1"]
[SourceVersionDate "2012.10.19"]
[SourceQuality "1"]
[WhiteTeam "Singapore (U16)"]
[BlackTeam "Turkey Istanbul (U16)"]
[WhiteTeamCountry "SIN"]
[BlackTeamCountry "TUR"]

1. d4 d5 2. c4 c6 3. Nc3 dxc4 4. a4 Nf6 5. e4 e5 6. dxe5 Qxd1+ 7. Nxd1 Nxe4 8. Bxc4 Bb4+ 9. Kf1 Nd7 10. Nf3 Nb6 11. Bb3 Nc5 12. Bc2 Be6 13. Ne3 Rd8 14. Ke2 Nb3 15. Bxb3 Bxb3 16. Bd2 Bxd2 17. Nxd2 Bxa4 18. Nf5 Bb5+ 19. Ke1 0-0 20. Nd6 Ba6 21. N2e4 Nc8 22. Rd1 Nxd6 23. Nxd6 Rd7 24. f4 Rfd8 25. Kf2 f6 26. Rhe1 fxe5 27. fxe5 Bc4 28. g4 Bd5 29. Kg3 a5 30. Ra1 Ra8 31. Re3 b5 32. h4 a4 33. h5 b4 34. g5 Be6 35. Rc1 a3 36. bxa3 bxa3 37. Rxc6 a2 38. Re1 Rda7 39. Nb5 Rb7 40. Nc3 a1Q 41. Rxa1 Rxa1 42. Rxe6 Ra3 43. Rc6 Rbb3 0-1

[Event "World ol U16 11th"]
[Site "Istanbul"]
[Date "2012.08.30"]
[Round "3.13"]
[White "Gundogan, Cem"]
[Black "Thybo, Jesper Sondergaard"]
[Result "1-0"]
[WhiteElo "2012"]
[BlackElo "2006"]
[PlyCount "115"]
[EventDate "2012.08.29"]
[EventType "team-swiss"]
[EventRounds "10"]
[EventCountry "TUR"]
[SourceTitle "CBM 150 Extra"]
[Source "ChessBase"]
[SourceDate "2012.10.19"]
[SourceVersion "1"]
[SourceVersionDate "2012.10.19"]
[SourceQuality "1"]
[WhiteTeam "Turkey Istanbul (U16)"]
[BlackTeam "Denmark (U16)"]
[WhiteTeamCountry "TUR"]
[BlackTeamCountry "DEN"]

1. e4 c6 2. d4 d5 3. Nd2 dxe4 4. Nxe4 Bf5 5. Nc5 e5 6. Nxb7 Qb6 7. Nc5 exd4 8. Nd3 Nd7 9. Nf3 Ngf6 10. Be2 Bd6 11. 0-0 0-0 12. b3 Rfe8 13. Bb2 c5 14. Nd2 Qc7 15. h3 Nb6 16. Bf3 Rac8 17. Re1 Rxe1+ 18. Nxe1 Re8 19. a4 a5 20. Be2 Nfd5 21. Bd3 Be6 22. Ne4 Nf4 23. Ng5 h6 24. Nxe6 Rxe6 25. Bf1 Qe7 26. Nf3 Ne2+ 27. Kh1 Nd5 28. Qd2 Ndc3 29. Bxc3 Nxc3 30. Bd3 Kf8 31. Re1 Ne4 32. Bxe4 Rxe4 33. Qxa5 Rxe1+ 34. Qxe1 Qd7 35. Qe2 Qc6 36. Nd2 Bc7 37. Qe4 Qf6 38. Qf3 Qe5 39. Qa8+ Ke7 40. Qe4 Kf6 41. Qxe5+ Kxe5 42. Nc4+ Ke4 43. f3+ Kd5 44. Kg1 d3 45. cxd3 Kd4 46. a5 Kxd3 47. a6 Bb8 48. Ne5+ Bxe5 49. a7 c4 50. a8Q Bd4+ 51. Kf1 cxb3 52. Qe4+ Kc3 53. Qb1 b2 54. Ke2 Kb3 55. Kd3 Bf6 56. Qd1+ Ka3 57. Kc2 Kb4 58. Qd5 1-0